Ovocinárstvo

Bibliographic Details
Main Author: Belochonov, Iľja Vladimirovič (Author)
Format: Book
Language:Slovak
PhysicalDescription:479 strán ilustrácie 21 cm
Published: Bratislava Štátne pôdohospodárske nakladateľstvo 1953
Series:Rastlinná výroba
Subjects:

MARC

LEADER 00000cam a2200000 a 4500
001 vtls008364060
003 SK-MaSNL
005 20260302085846.0
008 230403s1953 xo a grf 000 0 slo
015 |a SNBA19451955-000666 
020 |q (viazané) 
035 |a SK01SNKBKSFS20020056277 
035 |a urn:nbn:sk:snk-am3i734 
035 |a CD5F4BC9-7373-4188-88D8-461021713157 
035 |a urn:nbn:sk:snk-am00dqp4 
035 |a SKM000058740 
040 |a SNK  |b slo  |c SNK  |e AACR2 
041 0 |a slo 
044 |a xo  |c SK 
080 |a 634  |2 1981 
100 1 |a Belochonov, Iľja Vladimirovič  |4 aut  |9 362461 
245 1 0 |a Ovocinárstvo  |c I. V. Belochonov 
260 |a Bratislava  |b Štátne pôdohospodárske nakladateľstvo  |c 1953  |e Trnava  |f Knižné závody 
300 |a 479 strán  |b ilustrácie  |c 21 cm 
490 1 |a Rastlinná výroba  |v Sväzok 20. 
504 |a Obsahuje fenologický kalendár ; vysvetlivky 
650 0 7 |a ovocinárstvo  |2 SNKPH  |9 16370 
655 7 |a príručky  |2 SNKPH  |9 74364 
830 0 |a Rastlinná výroba  |9 265184 
852 |a Slovenská národná knižnica 
954 |a odborná, vedecká literatúra pôvodná (slovenská)  |2 lita 
958 |a OND 
958 |a RK 
958 |a TL 
958 |a EUIPO 
999 |c 1194112  |d 1196042 
952 |a SNK  |b SNK  |y PREZ  |7 0  |p 17A0758382  |o snkSC 4866/20  |i snk5168/53  |0 0  |1 0  |4 0  |d 2011-12-07  |f 1  |l 0  |r 2025-07-04 00:00:00  |w 2026-02-24 
952 |a SNK  |b SNK  |y VYP  |7 0  |p 17A0495608  |o snkSC 4866/20 D1  |i snkKSP 450/57  |0 0  |1 0  |4 0  |d 2006-01-27  |l 0  |r 2026-02-24 22:21:38  |w 2026-02-24